| 000 | 00554nam a22001457a 4500 | ||
|---|---|---|---|
| 020 | _a978-0-00-727350-8 | ||
| 082 |
_a823 _bTOL/L |
||
| 100 | _aTOLKIEN, J R R | ||
| 245 | _aTHE LORD OF THE RINGS | ||
| 260 |
_aLONDON _bHARPER COLLINS _c2005 |
||
| 300 | _a1176 | ||
| 520 | _aA hobbit named Frodo inherits the One Ring, which can destroy the entire world. With the recently reawakened evil being Sauron after the ring to cement his reign, Frodo joins with eight others to destroy the Ring and defeat Sauron. | ||
| 650 |
_aNOVEL _zUNITED KINGDOM |
||
| 942 | _cBK | ||
| 999 |
_c4040 _d4040 |
||